000 01036nam a2200289 a 4500
001 000002663
003 DO-SdBPM
005 20260213091344.0
007 ta
008 090703s2009 dr ac r 000 p spa d
020 _a9789945162783
040 _aDO-SdBPM
_bspa
_cBPMSU
_erda
082 4 _aRD861.44
_bM538a 2009
_222
100 1 _aMéndez, Wagner,
_d1966-
_eautor
_4aut.
245 1 0 _aAñoranzas de mi tierra :
_bversos de la realidad social dominicana e inspiraciones para consolar el alma /
_cWagner Méndez ; prólogo Blanca Kais Barinas.
264 _aSanto Domingo :
_bWagner Management Group,
_c2009.
300 _a93 páginas :
_bilustración , retratos. ;
_c20 cm.
500 _aIncluye datos biográficos del autor en la solapa de la cubierta
590 _a
590 _aInventariado, 2026/VM
650 7 _aPoesía dominicana
650 7 _aLiteratura dominicana.
650 z _aDominican literature
700 1 _aKais Barinas, Blanca,
_eprólogo
910 _aVMateo V. Control de calidad BPMSU
942 _2ddc
_cBK
999 _c7114
_d7114